Word Ladder: How to Make Holy Water Quiz Stats

 Plays Quiz Updated Apr 30, 2019

Score 0/20 Timer 04:00
0 Plays Today
Hint 4-Letter Word % Correct
Alternate name for autumnFALL
98.5%
Opposite of buySELL
97.9%
Church ringerBELL
97.6%
Whitman or Disney, e.g.WALT
97.2%
Score below 60, sayFAIL
96.8%
Need for many sportsBALL
96.5%
Place for a wish?WELL
96.5%
Superman's secret identityKENT
96.1%
Yearn forWANT
95.8%
Animal's end?TAIL
95.4%
Hint 4-Letter Word % Correct
Window partSILL
95.3%
Mark from a whipWELT
94.6%
Basketballer ChamberlainWILT
94.3%
Dead document?WILL
94.3%
Lincoln's worth?CENT
94.1%
German philosopher ImmanuelKANT
93.6%
Speaker of Irish or WelshCELT
92.8%
[Rung 1] the ____ out of it• HELL •
86.8%
Work hardTOIL
85.6%
____ the [Rung 20] out of it• BOIL •
71.9%

Today's Daily Dose

Missing Word
Banned Books (A-Z)

Word Ladder
Janis Joplin

Get the Picture
Occupations

You're not logged in!

Compare scores with friends on all Sporcle quizzes.
OR
Log In

Sporcle TV

Today on Sporcle TV


Watch our educational content, quiz creation guides, and fun videos on Sporcle TV.

Show Comments

Extras

Top Quizzes Today


Score Distribution

Your Account Isn't Verified!

In order to create a playlist on Sporcle, you need to verify the email address you used during registration. Go to your Sporcle Settings to finish the process.

Report this User

Report this user for behavior that violates our Community Guidelines.

Details: